KERUSi

Bibliographic Details
Main Author: Hashim Latiff , 1960- (Author)
Format: Book
Published: Petaling Jaya, Selangor : Alaf Ilmu [2016]
Series:Siri keceriaan alam karakter
Subjects:

MARC

LEADER 00000cam a2200000 7i4500
001 0000121118
005 20170223.0
008 170221s2016 my a j 000 1 bm
020 |a 9789670776323(set) 
020 |a 9789670776361 
040
090 0 0 |a J 899.2333   |b HAS 
100 1 |a Hashim Latiff ,   |d 1960- ,   |e author 
245 1 0 |a KERUSi   |c Hashim Latiff 
264 3 1 |a Petaling Jaya, Selangor :   |b Alaf Ilmu   |c [2016] 
300 |a 32 pages :   |b colour illustrations ;   |c 26 cm. 
336 |a text, rdacontent 
337 |a unmediated  |2 rdamedia 
338 |a volume  |2 rdacarrier 
490 1 |a SIRI KECERIAAN ALAM KARAKTER 
650 0 0 |a Children's stories, Malay 
830 0 |a Siri keceriaan alam karakter 
999 |a 0000419981   |b Buku   |c Koleksi Pinjaman Kanak-Kanak   |e Perbadanan Perpustakaan Awam Melaka 
999 |a 0000419982   |b Buku   |c Koleksi Pinjaman Kanak-Kanak   |e Perpustakaan Cawangan Jasin 
999 |a 0000419983   |b Buku   |c Koleksi Pinjaman Kanak-Kanak   |e Perpustakaan Cawangan Masjid Tanah 
999 |a 0000419984   |b Buku   |c Koleksi Pinjaman Kanak-Kanak   |e Perpustakaan Cawangan Merlimau 
999 |a 0000419985   |b Buku   |c Koleksi Pinjaman Kanak-Kanak   |e Perbadanan Perpustakaan Awam Melaka 
999 |a 0000419986   |b Buku   |c Koleksi Pinjaman Kanak-Kanak   |e Perbadanan Perpustakaan Awam Melaka 
999 |a 0000419987   |b Buku   |c Koleksi Pinjaman Kanak-Kanak   |e Perbadanan Perpustakaan Awam Melaka 
999 |a 0000419988   |b Buku   |c Koleksi Pinjaman Kanak-Kanak   |e Perbadanan Perpustakaan Awam Melaka 
999 |a 0000419989   |b Buku   |c Koleksi Pinjaman Kanak-Kanak   |e Perbadanan Perpustakaan Awam Melaka 
999 |a 0000419990   |b Buku   |c Koleksi Pinjaman Kanak-Kanak   |e Perbadanan Perpustakaan Awam Melaka